Alle Knochen des menschlichen Körpers (nach Knochenarten) - Statistiken

Allgemein
  • Dieses Quiz wurde 47 mal gespielt
  • Das Durchschnittsergebnis liegt bei 16 aus 40
Antwortstatistiken
Antworten % Korrekt
Rippe
92%
Elle
82%
Speiche
82%
Fingerknochen
79%
Oberschenkelknochen
79%
Oberarmknochen
69%
Schienbein
69%
Nasenbein
59%
Schlüsselbein
59%
Wadenbein
59%
Kniescheibe
54%
Steißbein
54%
Schulterblatt
51%
Unterkiefer
49%
Halswirbel
46%
Oberkiefer
46%
Brustbein
44%
Jochbein
44%
Mittelfußknochen
44%
Beckenknochen
41%
Mittelhandknochen
38%
Hammer
36%
Amboss
33%
Brustwirbel
31%
Lendenwirbel
31%
Stirnbein
31%
Handwurzelknochen
28%
Zehknochen
26%
Schläfenbein
23%
Kreuzbein
21%
Fußwurzelknochen
18%
Steigbügel
18%
Zungenbein
13%
Keilbein
10%
Scheitelbein
10%
Hinterhauptbein
8%
Siebbein
8%
Tränenbein
8%
Gaumenbein
5%
Pflugscharbein
3%
Keine übereinstimmenden Quizze gefunden
Verteilung der Resultate
Anzahl Personen mit jedem Resultat
Perzentil nach korrekt beantworteten Fragen
Ihre Resultats-Entwicklung
Sie haben dieses Quiz noch nicht gespielt